| 000 | 00429nam a2200181Ia 4500 | ||
|---|---|---|---|
| 001 | 15788 | ||
| 005 | 20260306170221.0 | ||
| 008 | 260306t2010||||xx |||||||||||||| ||und|| | ||
| 041 | _aESP | ||
| 082 |
_a620.1 _bW56 |
||
| 100 |
_aWilmanski, Krzysztof _eAUT |
||
| 245 | 0 | _aFundamentals of solid mechanics | |
| 260 | _c2010 | ||
| 300 |
_a183 páginas : _c24 cm. |
||
| 650 | _aGEN | ||
| 654 | _aCII | ||
| 942 |
_cLIB _dJUS _fJUS _2ddc _n |
||
| 999 |
_c15788 _d15788 |
||